| 000 | 00000nam 2200000za 4500 |
| 001 | 9.599062 |
| 003 | CaOODSP |
| 005 | 20221107134147 |
| 007 | cr ||||||||||| |
| 008 | 150406s2000 onc|||||o f00| 0 fre d |
| 040 | |aCaOODSP|bfre |
| 043 | |an-cn--- |
| 086 | 1 |aA22-231/1996F-PDF |
| 100 | 1 |aBelhadji, El Bachir A.|q(El Bachir Abdelouahid),|d1961- |
| 245 | 10|aProfil des coopératives agroalimentaires canadiennes (1986-1996) |h[ressource électronique] / |cBachir Belhadji, Stéphan Gagné et Alain Roy. |
| 260 | |aOttawa : |bAgriculture et Agroalimentaire Canada, |c2000. |
| 300 | |a70p.|bgraphiques, tableaux |
| 490 | 0 |aCollection - Document de recherche |
| 500 | |aPublié aussi en anglais sous le titre: Profile of Canadian agri-food co-operatives (1986-1996). |
| 504 | |aBibliographie. |
| 590 | |a10-08-Supp|b2010-10-06 |
| 710 | 1 |aCanada. |bAgriculture et agroalimentaire Canada. |bSecrétariat aux coopératives. |
| 775 | 08|tProfile of Canadian agri-food co-operatives (1986-1996) |w(CaOODSP)9.567736 |
| 776 | 0#|tProfil des coopératives agroalimentaires canadiennes, (1986-1996) / |w(CaOODSP)9.625755 |
| 856 | 40|ahttp://publications.gc.ca|qPDF|s161 Ko|uhttps://publications.gc.ca/collections/Collection/A22-231-1996F.pdf |